000 00635nmm a2200193Ia 4500
008 251105s9999||||xx |||||||||||||||||und||
020 _a9788416339679
041 _aspa
100 _aBasavilbaso Gotor , Lola
245 0 _aLa estrella se alza en el cielo (Êrhis 1) :
_b La estrella se alza en el cielo
264 _a[Madrid, España] :
_bLantia,
_c[Fecha de publicación no identificada]
300 _a0 páginas
490 _aÊrhis
650 _aScience fiction & Fantasy
700 _aBasavilbaso Gotor , Lola
700 1 _a Constante Luna, Luis
856 _uhttps://public.digitaliapublishing.com/a/123642
942 _cCF
999 _c62565
_d62565